مؤتمر المستقبل الاقتصادي - الاجتماعي لمصر : (Record no. 25044)
[ view plain ]
| 000 -الفاتح | |
|---|---|
| حقل البيانات ثابتة الطول | 01630nam a22003377a 4500 |
| 003 - محدد رقم الضبط | |
| رقم الضبط | OSt |
| 005 - وقت وتاريخ اخر تعامل مع التسجيلة | |
| رقم الضبط | 20201128024153.0 |
| 008 - عناصر البيانات ثابتة الطول - معلومات عامة | |
| حقل البيانات ثابتة الطول | 170713s2013 ua a fr f100 0 ara d |
| 017 ## - رقم الإيداع القانونى | |
| رقم الإيداع القانونى | 2013 / 13895 |
| 020 ## - الرقم الدولى المعيارى للكتب | |
| الرقم الدولى المعيارى للكتاب | 9789777184472. |
| 040 ## - مصدر الفهرسة | |
| وكالة الفهرسة الأصلية | EG-ScBUE |
| لغة الفهرسة | ara |
| وكالة النسخ | EG-ScBUE |
| 043 ## - رمز المنطقة الجغرافية | |
| رمز المنطقة الجغرافية | f-ua--- |
| 082 04 - رقم تصنيف ديوى العشرى | |
| رقم الطبعة | 22 |
| رقم التصنيف | 338.962 |
| رقم المادة | م ؤ ت |
| 111 2# - المدخل الرئيسى - اسم مؤتمر | |
| اسم المؤتمر أو اسم السلطة كمدخل | مؤتمر المستقبل الاقتصادي - الاجتماعي لمصر |
| تاريخ الاجتماع | (2013 : |
| موقع المؤتمر | القاهرة، مصر) |
| 9 (RLIN) | 8568 |
| 245 10 - بيان العنوان | |
| العنوان | مؤتمر المستقبل الاقتصادي - الاجتماعي لمصر : |
| بقية العنوان | إنقاذ الاقتصاد المصري .. نحو برنامج اقتصادي بديل / |
| بيان المسئوليه,etc | تقديم محمد حسنين هيكل، حمدين صباحي ؛ تحرير أحمد السيد النجار. |
| 260 ## - PUBLICATION, DISTRIBUTION, ETC. (IMPRINT) | |
| مكان الناشر او الموزع | القاهرة : |
| اسم الناشر او الموزع | المجلس الأعلى للثقافة، |
| تاريخ النشر أو التوزيع | 2013. |
| 300 ## - الوصف المادى | |
| التعداد | 426 ص. : |
| تفاصيل ماديه اخرى للوعاء | إيض ؛ |
| أبعاد الوعاء | 24 سم. |
| 504 ## - تبصرة ببليوجرافية | |
| تبصرة ببليوجرافية,الخ | يشتمل على إرجاعات ببليوجرافية. |
| 590 ## - تبصرة محلية(RLIN) | |
| تبصرة محلية | علياء عادل |
| 650 ## - المدخل الاضافى بالموضوع-مصطلح موضوعى | |
| مصدر الرأس أو المصطلح | BUEsh |
| 651 #7 - المدخل الاضافى بالموضوع - اسم جغرافى | |
| مصدر الرأس أو المصطلح | BUEsh |
| الاسم الجغرافي | مصر |
| التقسيم الفرعي العام | سياسة اقتصادية |
| التقسيم الفرعي الزمني | قرن 21 |
| التقسيم الفرعي الشكلي | مؤتمرات. |
| 651 #7 - المدخل الاضافى بالموضوع - اسم جغرافى | |
| مصدر الرأس أو المصطلح | BUEsh |
| الاسم الجغرافي | مصر |
| التقسيم الفرعي العام | سياسة اجتماعية |
| التقسيم الفرعي الزمني | قرن 21 |
| التقسيم الفرعي الشكلي | مؤتمرات. |
| 651 #7 - المدخل الاضافى بالموضوع - اسم جغرافى | |
| مصدر الرأس أو المصطلح | BUEsh |
| الاسم الجغرافي | مصر |
| التقسيم الفرعي العام | أحوال اقتصادية |
| التقسيم الفرعي الزمني | قرن 21 |
| التقسيم الفرعي الشكلي | مؤتمرات. |
| 651 #7 - المدخل الاضافى بالموضوع - اسم جغرافى | |
| مصدر الرأس أو المصطلح | BUEsh |
| الاسم الجغرافي | مصر |
| التقسيم الفرعي العام | أحوال اجتماعية |
| التقسيم الفرعي الزمني | قرن 21 |
| التقسيم الفرعي الشكلي | مؤتمرات. |
| 653 ## - مصطلح تكشيفى غير مقيد | |
| Resource For college | BAEPS, Economics |
| Arrived date list | June2017 |
| 655 ## - مصطلح تكشيفى-نوع/شكل | |
| التقسيم الفرعي الشكلي | Reading book |
| -- | 34232 |
| 700 ## - المدخل الاضافى - اسم شخصى | |
| 9 (RLIN) | 1798 |
| الإسم الشخصى | هيكل، محمد حسنين، |
| الدور | مقدم. |
| 700 ## - المدخل الاضافى - اسم شخصى | |
| الإسم الشخصى | صباحي، حمدين، |
| الدور | مقدم. |
| 700 ## - المدخل الاضافى - اسم شخصى | |
| الإسم الشخصى | نجار، أحمد السيد، |
| الدور | محرر. |
| 942 ## - عناصر المدخل الإضافي( كوها) | |
| مصدر التصنيف او مخطط الترفيف | Dewey Decimal Classification |
| حالة التراجع | حالة الفقد | مصدر التصنيف او خطة الترفيف | حالة تلف | ليس للاعارة | مجموعات كوها | المكان الدائم | المكان الحالي | موقع الترفيف | تاريخ الاكتساب | Source of acquisition | سعر الشراء الطبيعي | تعداد مسلسل / التسلسل الزمني | رقم الاستدعاء | الباركود | Date last seen | التكلفة | نوع الوعاء |
|---|---|---|---|---|---|---|---|---|---|---|---|---|---|---|---|---|---|
| Dewey Decimal Classification | صندوق التنمية الثقافية | Central Library | Central Library | First floor | 13/07/2017 | Purchase | 9.00 | 2923 | 338.962 م ؤ ت | 000046162 | 15/07/2025 | 11.25 | Book - Borrowing |